Historia antigua de Roma / (Record no. 174467)
[ view plain ]
| 000 -LEADER | |
|---|---|
| campo de control de longitud fija | 01483nam a2200337 4500 |
| 001 - NÚMERO DE CONTROL | |
| campo de control | 174467 |
| 003 - IDENTIFICADOR DE NÚMERO DE CONTROL | |
| campo de control | ES-MaACL |
| 005 - FECHA Y HORA DE LA ÚLTIMA TRANSACCIÓN | |
| campo de control | 20230906215534.0 |
| 008 - DATOS DE LONGITUD FIJA--INFORMACIÓN GENERAL | |
| campo de control de longitud fija | 100426m19841989sp |||| |dspa d |
| 020 ## - NÚMERO INTERNACIONAL ESTÁNDAR DEL LIBRO | |
| Número Internacional Estándar del Libro | 84-249-0950-X |
| 080 ## - NÚMERO DE LA CLASIFICACIÓN DECIMAL UNIVERSAL | |
| Número de la Clasificación Decimal Universal | 94(37)".../-0510" |
| 080 ## - NÚMERO DE LA CLASIFICACIÓN DECIMAL UNIVERSAL | |
| Número de la Clasificación Decimal Universal | 94(37)"-0510/-0265" |
| 100 1# - ENTRADA PRINCIPAL--NOMBRE DE PERSONA | |
| Nombre de persona | Dionisio de Halicarnaso. |
| 9 (RLIN) | 44855 |
| 245 10 - MENCIÓN DEL TÍTULO | |
| Título | Historia antigua de Roma / |
| Mención de responsabilidad, etc. | Dionisio de Halicarnaso. |
| 260 ## - PUBLICACIÓN, DISTRIBUCIÓN, ETC. | |
| Lugar de publicación, distribución, etc. | Madrid : |
| Nombre del editor, distribuidor, etc. | Gredos, |
| Fecha de publicación, distribución, etc. | 1984-1989. |
| 300 ## - DESCRIPCIÓN FÍSICA | |
| Extensión | 4 v. : |
| Otras características físicas | mapas ; |
| Dimensiones | 20 cm. |
| 490 1# - MENCIÓN DE SERIE | |
| Mención de serie | Biblioteca clásica Gredos ; |
| Designación de volumen o secuencia | 73-74, 123-124 |
| 500 ## - NOTA GENERAL | |
| Nota general | Índices de nombres. |
| 504 ## - NOTA DE BIBLIOGRAFÍA, ETC. | |
| Nota de bibliografía, etc. | Bibliografía. |
| 505 8# - NOTA DE CONTENIDO CON FORMATO | |
| Nota de contenido con formato | Contiene: [1]. Libros I-III / introducción, Domingo Plácido ; traducción y notas de Elvira Jiménez y Ester Sánchez - [2]. Libros IV-VI / traducción y notas de Almudena Alonso y Carmen Seco - [3]. Libros VII-IX / traducción y notas de Almudena Alonso y Carmen Seco - [4]. Libros X, XI y fragmentos de los libros XII-XX / traducción y notas de Elvira Jiménez y Ester Sánchez |
| 651 #7 - PUNTO DE ACCESO ADICIONAL DE MATERIA--NOMBRE GEOGRÁFICO | |
| Nombre geográfico | Roma- |
| Subdivisión general | Historia- |
| Subdivisión cronológica | Hasta 510 a. C. |
| 9 (RLIN) | 9317 |
| 651 #7 - PUNTO DE ACCESO ADICIONAL DE MATERIA--NOMBRE GEOGRÁFICO | |
| Nombre geográfico | Roma- |
| Subdivisión general | Historia- |
| Subdivisión cronológica | 510-265 a.C., República. |
| 9 (RLIN) | 148997 |
| 700 1# - ENTRADA AGREGADA--NOMBRE PERSONAL | |
| Nombre de persona | Plácido, Domingo. |
| 9 (RLIN) | 92506 |
| 700 1# - ENTRADA AGREGADA--NOMBRE PERSONAL | |
| Nombre de persona | Jiménez, Elvira. |
| 9 (RLIN) | 66403 |
| 700 1# - ENTRADA AGREGADA--NOMBRE PERSONAL | |
| Nombre de persona | Sánchez, Ester. |
| 9 (RLIN) | 102359 |
| 700 1# - ENTRADA AGREGADA--NOMBRE PERSONAL | |
| Nombre de persona | Alonso Miguel, Almudena. |
| 9 (RLIN) | 142591 |
| 700 1# - ENTRADA AGREGADA--NOMBRE PERSONAL | |
| Nombre de persona | Seco, Carmen. |
| 9 (RLIN) | 142589 |
| 830 1# - PUNTO DE ACCESO ADICIONAL DE SERIE-TÍTULO UNIFORME | |
| Título uniforme | Biblioteca clásica Gredos ; |
| Designación de volumen o secuencia | 73-74, 123-124 |
| 9 (RLIN) | 177556 |
| 852 4# - LOCALIZACIÓN | |
| Ubicación | BA |
| Número de control de estantería | C-57137-40 |
| Estatus retirado | Estado de pérdida | Estado de daño | No para préstamo | Biblioteca de origen | Biblioteca actual | Ubicación en estantería | Fecha de adquisición | Fuente de adquisición | Total de préstamos | Signatura topográfica completa | Código de barras | Visto por última vez | Precio de reemplazo | Tipo de ítem Koha |
|---|---|---|---|---|---|---|---|---|---|---|---|---|---|---|
| Biblioteca del Ateneo de Madrid | Biblioteca del Ateneo de Madrid | Depósito 2 | 26/04/2010 | C-57137-40 | 1183148 | 23/02/2023 | 23/02/2023 | Libro impreso |
